All Clone Captains - Statistics

General Stats
  • This quiz has been taken 12 times
  • The average score is 4 of 34
Answer Stats
Unit Birth Number Commanding Rank Answer % Correct
501st LegionClone Underground Phoenix Cell Massassi Group CT-7567 Captain Rex
89%
Grand Army of the Republic Alpha-17 ARC Captain Alpha
44%
Foxtrot GroupD-Squad Clone Underground CC-5576-39 Commando Captain Gregor
22%
Diplomatic Service Ranger Corps 41st Elite Corps N/A Captain Jek
22%
332nd Company CT-0292 Captain Vaughn
22%
Company 326 N/A Captain Cesar
11%
The Muunilinst 10 Alpha-77ARC-77 ARC Captain Fordo
11%
Grand Army of the Republic CC-8/349 Captain Four-Nine
11%
2nd Battalion CC-10/994 Captain Grey
11%
18th Battalion N/A Captain Herc
11%
Grand Army of the RepublicStormtrooper Corps Clone Underground N/A Captain Howzer
11%
Republic Starfighter Corps CT-55/11-9009 Pilot Captain Jag
11%
Outer Rim Garrison N/A Captain Keeli
11%
Galactic Republic N/A Medic Captain Korbel
11%
Eeth Koth's Unit N/A Captain Lock
11%
Grand Army of the Republic Null-11 ARC Captain Ordo Skirata
11%
302nd Battalion N/A Captain Raptor
11%
Grand Army of the Republic CC-2357 Captain Red
11%
44th Special Operations Brigade Devil Dogs N/A Captain Sharp
11%
Galactic Republic Navy N/A Navigational Captain Silver
11%
302nd Battalion N/A Captain Sparks
11%
Tualon Yaluna's Company CT-1123 Captain Spider
11%
2nd Battalion N/A Captain Styles
11%
Grand Army of the RepublicGalactic Empire N/A Captain Wilco
11%
Galactic Republic Navy N/A Navigational Captain Zak
11%
Grand Army of the Republic N/A ARC Captain Burner
0%
Grand Army of the Republic N/A ARC Captain Carg
0%
22nd Air Combat WingIon Team N/A Commando Captain Climber
0%
Grand Army of the Republic CT-96/298Alpha-98 ARC Captain Jangotat
0%
Galactic RepublicGalactic Empire N/A Captain Kagi
0%
Grand Army of the Republic Alpha-26A-26 ARC Captain Maze
0%
Grand Army of the Republic N/A Captain Mojo
0%
Special Operations BrigadeTark Squad RC-1570 Commando Captain Nilo
0%
Bacta Company CT-52/89-9204 Captain Tyto
0%
No matching quizzes found
Score Distribution
Percent of People with Each Score
Percentile by Number Answered
Your Score History
You have not taken this quiz